| Tag |
First Indicator |
Second Indicator |
Subfields |
| LEADER |
00000cam a2200000 4500 |
| 001 |
in00000053996 |
| 005 |
20151008051414.0 |
| 008 |
760921s1956 ilu 00000 eng u |
| 010 |
|
|
|a 56011907
|
| 035 |
|
|
|a (OCoLC)02455733
|
| 035 |
|
|
|9 AAG7681AM
|
| 040 |
|
|
|c REC
|d TXA
|d UtOrBLW
|
| 049 |
|
|
|a TXAM
|c [286637]
|
| 050 |
|
0 |
|a HQ773
|b .B6
|
| 092 |
|
|
|a 362.74
|b B787m
|
| 100 |
1 |
|
|a Bowman, Paul Hoover.
|
| 245 |
1 |
0 |
|a Mobilizing community resources for youth ;
|b identification and treatment of maladjusted, delinquent, and gifted children /
|c by Paul H. Bowman [and others]. Edited by Robert J. Havighurst.
|
| 264 |
|
1 |
|a [Chicago] : University of Chicago Press,
|b [publisher not identified] ;
|c [1956]
|
| 264 |
|
4 |
|c ©1956
|
| 300 |
|
|
|a viii, 138 pages :
|b diagram, tables ;
|c 24 cm.
|
| 336 |
|
|
|a text
|b txt
|2 rdacontent
|
| 337 |
|
|
|a unmediated
|b n
|2 rdamedia
|
| 338 |
|
|
|a volume
|b nc
|2 rdacarrier
|
| 490 |
0 |
|
|a The Youth development series ; no. 3
|
| 490 |
0 |
|
|a Supplementary educational monographs ; no. 85
|
| 650 |
|
0 |
|a Problem children.
|
| 650 |
|
0 |
|a Gifted children.
|
| 650 |
|
0 |
|a Juvenile delinquency.
|
| 999 |
|
|
|a MARS
|
| 999 |
f |
f |
|s afc543df-6f46-3729-bb07-69b99a7f5df1
|i 54acc9ca-1d2a-3c19-b460-29f49337b6ef
|t 0
|
| 952 |
f |
f |
|p ric
|a Texas A&M University
|b Rellis Campus
|c Joint Library Facility
|d Remote Storage
|t 0
|e HQ773 .B6
|h Library of Congress classification
|i unmediated -- volume
|m A14800811199
|
| 998 |
f |
f |
|a HQ773 .B6
|t 0
|l Remote Storage
|